00795nam a22002177a 450000500170000001000150001702000260003203500140005803700090007208200080008110000300008924500810011925000060020026000440020627000830025030000200033370000350035394200220038899900190041095201480042920241213113345.0 aENG-142996 a9788191060768c399.00 aEN-126528 bDBAD a934 aSinha, Shailesh KR975129 aArchaeological Sites of Begusarai/cby Shailesh KR Sinha [and] Amiya Krishna a1 aSangam ViharbLucky Internationalc2013 aH-16/1922 , Sangam ViharbNew Delhie110080k7838260289mluckybk05@yahoo.co.in a128p.c22cm(hb) aKrishna, Amiya eAuthor975130 2ddccENmSINh934 c207671d207671 001040708NFICaAVbAVd2024-12-13eDelivery of Books Divisiong399.00l0oSIN 934pEN-126528r2024-12-13 00:00:00t1v399.00w2024-12-13yEN